| 000 | 00000nam 2200000zi 4500 |
| 001 | 9.941032 |
| 003 | CaOODSP |
| 005 | 20240725131706 |
| 006 | m o d f |
| 007 | cr |n||||||||| |
| 008 | 240725e201702##onc ob f|0| 0 fre d |
| 040 | |aCaOODSP|bfre|erda|cCaOODSP |
| 043 | |an-cn--- |
| 086 | 1 |aIN4-47/2017F-PDF |
| 245 | 00|aRapport d’audit interne de la Division des installations et des services administratifs. |
| 246 | 37|aRapport d’audit interne de la Division des installations et des services administratifs, 2016-2017 |
| 264 | 1|a[Ottawa] : |bBureau du surintendant des institutions financières Canada = Office of the Superintendant of Financial Institutions Canada, |cfévrier 2017. |
| 300 | |a1 ressource en ligne (15 pages) |
| 336 | |atexte|btxt|2rdacontent/fre |
| 337 | |ainformatique|bc|2rdamedia/fre |
| 338 | |aressource en ligne|bcr|2rdacarrier/fre |
| 500 | |aPublié aussi en anglais sous le titre : Internal audit report on facilities and administrative services. |
| 504 | |aComprend des références bibliographiques. |
| 610 | 26|aBureau du surintendant des institutions financières Canada|xAudit. |
| 650 | 6|aImplantation (Organisation)|xPlanification|zCanada|xAudit. |
| 710 | 2 |aBureau du surintendant des institutions financières Canada, |eorganisme de publication. |
| 775 | 08|tInternal audit report on facilities and administrative services.|w(CaOODSP)9.940456 |
| 856 | 40|qPDF|s313 Ko|uhttps://publications.gc.ca/collections/collection_2024/bsif-osfi/IN4-47-2017-fra.pdf |